Macmillan English. (Record no. 1109)

MARC details
000 -LEADER
fixed length control field 00341nam a22001217a 4500
005 - DATE AND TIME OF LATEST TRANSACTION
control field 20200824163330.0
008 - FIXED-LENGTH DATA ELEMENTS--GENERAL INFORMATION
fixed length control field 200824b ||||| |||| 00| 0 eng d
020 ## - INTERNATIONAL STANDARD BOOK NUMBER
International Standard Book Number 00224634024
040 ## - CATALOGING SOURCE
Transcribing agency CML
245 ## - TITLE STATEMENT
Title Macmillan English.
Statement of responsibility, etc. Thoburn, T.
260 ## - PUBLICATION, DISTRIBUTION, ETC.
Place of publication, distribution, etc. New York
Name of publisher, distributor, etc. Macmillan
Date of publication, distribution, etc. 1982
942 ## - ADDED ENTRY ELEMENTS (KOHA)
Source of classification or shelving scheme Dewey Decimal Classification
Koha item type Books
Edition 1st Edition
Classification part 428
Call number suffix BEL
Holdings
Withdrawn status Lost status Source of classification or shelving scheme Damaged status Not for loan Collection code Home library Current library Shelving location Date acquired Total Checkouts Full call number Date last seen Copy number Price effective from Koha item type
    Dewey Decimal Classification     Language Chalimbana Main Library Chalimbana Main Library Language 08/24/2020   428.3 BEL 08/24/2020 1 08/24/2020 Books

Powered by Koha